Statistics for Harry Potter Movies by Runtime

Click here to take the quiz!

General Stats

  • This quiz has been taken 206 times
    (70 since last reset)
  • The average score is 9 of 11

Answer Stats

YearRuntimeMovie% Correct
20112 hr 10 minHarry Potter and the Deathly Hallows - Part 2
97%
20052 hr 37 minHarry Potter and the Goblet of Fire
88%
20092 hr 33 minHarry Potter and the Half-Blood Prince
88%
20022 hr 41 minHarry Potter and the Chamber of Secrets
86%
20102 hr 26 minHarry Potter and the Deathly Hallows - Part 1
85%
20072 hr 18 minHarry Potter and the Order of the Phoenix
85%
20042 hr 22 minHarry Potter and the Prisoner of Azkaban
85%
20012 hr 32 minHarry Potter and the Philosopher's Stone
83%
20162 hr 13 minFantastic Beasts and Where to Find Them
68%
20182 hr 14 minFantastic Beasts: The Crimes of Grindelwald
55%
20222 hr 22 minFantastic Beasts: The Secrets of Dumbledore
55%

Score Distribution

Percentile by Number Answered

Percent of People with Each Score

Your Score History

You have not taken this quiz since the last reset